Songs in Hamilton - Statistics

General Stats
  • This quiz has been taken 520 times
  • The average score is 40 of 46
Answer Stats
Song Number Song Title % Correct
1 Alexander Hamilton
99%
3 My Shot
98%
2 Aaron Burr, Sir
97%
10 Helpless
96%
11 Satisfied
95%
5 The Schuyler Sisters
94%
4 The Story of Tonight
94%
7 You'll Be Back
93%
38 Burn
92%
22 Dear Theodosia
92%
25 Cabinet Battle #1
91%
30 Cabinet Battle #2
91%
18 Guns and Ships
91%
9 A Winter's Ball
90%
15 Ten Duel Commandments
90%
12 The Story of Tonight (reprise)
90%
13 Wait for It
90%
46 Who Lives, Who Dies, Who Tells Your Story
90%
20 Yorktown (The World Turned Upside Down)
90%
8 Right Hand Man
89%
27 Say No to This
89%
24 What'd I Miss?
89%
6 Farmer Refuted
88%
23 Non-Stop
88%
14 Stay Alive
87%
26 Take a Break
87%
37 The Reynolds Pamphlet
87%
19 History Has Its Eyes On You
84%
41 It's Quiet Uptown
84%
16 Meet Me Inside
83%
28 The Room Where It Happens
83%
17 That Would Be Enough
82%
42 The Election of 1800
82%
45 The World Was Wide Enough
82%
35 We Know
82%
36 Hurricane
81%
40 Stay Alive (reprise)
81%
21 What Comes Next?
81%
44 Best of Wives and Best of Women
80%
39 Blow Us All Away
80%
32 One Last Time
80%
33 I Know Him
79%
31 Washington On Your Side
79%
34 The Adams Administration
78%
43 Your Obedient Servant
76%
29 Schuyler Defeated
73%
No matching quizzes found
Score Distribution
Percent of People with Each Score
Percentile by Number Answered
Your Score History
You have not taken this quiz